[Event "Dimitrovgrad Chmp. 2012 open"]
[Site "Dimitrovgrad"]
[Date "2012.02.19"]
[Round "1"]
[White "Yakimkin, Igor"]
[Black "Abbasov, Orudj"]
[Result "0-1"]
[WhiteElo "2208"]
[BlackElo "1703"]
[PlyCount "96"]

1. d4 Nf6 2. Nf3 g6 3. c4 Bg7 4. Nc3 O-O 5. e3 d6 6. Bd3 Nbd7 7. Bd2 e5 8. Qc2
Re8 9. O-O-O Qe7 10. dxe5 dxe5 11. Be2 c6 12. h3 Nc5 13. g4 a5 14. g5 Nfd7 15.
h4 a4 16. h5 e4 17. Nd4 a3 18. b3 Na6 19. Na4 Qxg5 20. Rdg1 Qf6 21. hxg6 hxg6
22. Bc3 Qxf2 23. Qd2 Nf8 24. Rf1 Qg3 25. Nb6 Rb8 26. Nxc8 Rbxc8 27. Nf5 gxf5
28. Rfg1 Qxg1+ 29. Rxg1 Ng6 30. Bxg7 Kxg7 31. Qd4+ Kg8 32. Bh5 Re6 33. Bxg6
Rxg6 34. Rxg6+ fxg6 35. Qd7 Rc7 36. Qd6 Kf7 37. b4 Re7 38. b5 cxb5 39. cxb5 Nc7
40. b6 Ne6 41. Qxa3 g5 42. Qc3 Ng7 43. a4 f4 44. a5 f3 45. Kd1 Nf5 46. a6 bxa6
47. Qc7 Rxc7 48. bxc7 Nxe3+ 0-1

[Event "Dimitrovgrad Chmp. 2012 open"]
[Site "Dimitrovgrad"]
[Date "2012.02.19"]
[Round "1"]
[White "Ulanov, Sergei"]
[Black "Alyev, Timur"]
[Result "0-1"]
[WhiteElo "2132"]
[BlackElo "1667"]
[PlyCount "93"]

1. e4 e5 2. Bc4 Nf6 3. Nc3 c6 4. d4 Bb4 5. dxe5 Qa5 6. exf6 Bxc3+ 7. Bd2 Bxd2+
8. Qxd2 Qxd2+ 9. Kxd2 gxf6 10. Ne2 b5 11. Bb3 Na6 12. a4 bxa4 13. Bxa4 Nc5 14.
Ke3 O-O 15. Rhd1 Re8 16. f3 f5 17. b4 Nxa4 18. Rxa4 fxe4 19. f4 d5 20. Nd4 Bd7
21. Ra5 Rab8 22. c3 Rb7 23. Rda1 Ra8 24. Nb3 Rc7 25. Kd4 Kf8 26. Kc5 Ke7 27.
Nd4 Rb8 28. Rxa7 Rcc8 29. Nf5+ Ke6 30. Nd6 Rb5+ 31. Nxb5 cxb5+ 32. Kb6 Rxc3 33.
R7a3 Rc4 34. Ka5 d4 35. Re1 Kd5 36. g4 d3 37. f5 Kd4 38. Rd1 Ke3 39. Kb6 Rc6+
40. Kb7 Ke2 41. Rg1 Rc4 42. Ra2+ Ke3 43. Rg3+ Kd4 44. Rh3 Rc2 45. Ra7 d2 46.
Kb6 Rc6+ 47. Ka5 0-1

[Event "Dimitrovgrad Chmp. 2012 open"]
[Site "Dimitrovgrad"]
[Date "2012.02.19"]
[Round "1"]
[White "Ishpulaeva, Veronika"]
[Black "Abramov, Pavel"]
[Result "0-1"]
[WhiteElo "1632"]
[BlackElo "2095"]
[PlyCount "66"]

1. e4 e5 2. Bc4 Nc6 3. Nf3 Bc5 4. b4 Bxb4 5. c3 Be7 6. d4 d6 7. Qb3 Na5 8.
Bxf7+ Kf8 9. Qa4 Kxf7 10. Qxa5 b6 11. Qb5 a6 12. Qd3 exd4 13. cxd4 a5 14. O-O
h6 15. Re1 Nf6 16. e5 Nd5 17. Qe4 c6 18. e6+ Kg8 19. Qg6 Qf8 20. Re4 Ba6 21.
Rg4 Qf6 22. Nh4 Rf8 23. Qxf6 Rxf6 24. Rg6 Kh7 25. Rxf6 Bxf6 26. Nf3 Re8 27. Bd2
Rxe6 28. Nc3 Nxc3 29. Bxc3 Re2 30. Rb1 Rc2 31. Be1 Be2 32. Rxb6 Bxf3 33. gxf3
Bxd4 0-1

[Event "Dimitrovgrad Chmp. 2012 open"]
[Site "Dimitrovgrad"]
[Date "2012.02.19"]
[Round "1"]
[White "Beldyugin, Alexey"]
[Black "Gilmatdinov, Rashit"]
[Result "1-0"]
[WhiteElo "2050"]
[BlackElo "1594"]
[PlyCount "77"]

1. Nf3 Nf6 2. c4 g6 3. g3 e6 4. Bg2 Bg7 5. O-O c5 6. d4 cxd4 7. Nxd4 O-O 8. Nc3
a6 9. b4 Nc6 10. Nxc6 bxc6 11. Qb3 d5 12. Rd1 Qc7 13. Be3 a5 14. b5 Ng4 15. Bd4
Re8 16. b6 Qd7 17. cxd5 cxd5 18. Nxd5 exd5 19. Bxd5 Qf5 20. e4 Qh5 21. Bxf7+
Kh8 22. Bxe8 Qxh2+ 23. Kf1 Qh1+ 24. Ke2 Ba6+ 25. Bb5 Qxe4+ 26. Be3 Bxb5+ 27.
Qxb5 Bxa1 28. Rxa1 Rf8 29. Qb2+ Kg8 30. Qb3+ Rf7 31. Rc1 Kg7 32. Qc3+ Ne5 33.
Qd4 Qf3+ 34. Kd2 Rd7 35. Rc7 Rf7 36. Qxe5+ Qf6 37. Rxf7+ Kxf7 38. Qxf6+ Kxf6
39. b7 1-0

[Event "Dimitrovgrad Chmp. 2012 open"]
[Site "Dimitrovgrad"]
[Date "2012.02.19"]
[Round "1"]
[White "Sychov, Vladimir"]
[Black "Rusakov, Vladimir"]
[Result "0-1"]
[WhiteElo "1544"]
[BlackElo "2020"]
[PlyCount "44"]

1. e4 c5 2. c3 d5 3. Qe2 Nc6 4. Nf3 dxe4 5. Qxe4 Nf6 6. Qd3 Qc7 7. h3 e5 8. Qc2
g6 9. Bb5 Bg7 10. d3 O-O 11. Bxc6 Qxc6 12. O-O Bxh3 13. gxh3 Qxf3 14. Kh2 e4
15. Qd2 Nd5 16. Qg5 Qxd3 17. Qg2 Be5+ 18. Kh1 Bf4 19. Na3 Rae8 20. c4 Bxc1 21.
Raxc1 Nf4 22. Qh2 Qf3+ 0-1

[Event "Dimitrovgrad Chmp. 2012 open"]
[Site "Dimitrovgrad"]
[Date "2012.02.19"]
[Round "1"]
[White "Abramov, Sergey"]
[Black "Ishpulaev, Ivan"]
[Result "1-0"]
[WhiteElo "2012"]
[BlackElo "1498"]
[PlyCount "85"]

1. Nf3 d5 2. d4 Bf5 3. c4 c6 4. e3 e6 5. Nc3 Nd7 6. Bd3 Bg4 7. h3 Bh5 8. O-O
Bd6 9. e4 dxe4 10. Nxe4 Qc7 11. Nxd6+ Qxd6 12. Be3 Ngf6 13. Re1 O-O 14. g4 Bg6
15. Bxg6 fxg6 16. Kg2 Ne4 17. Qd3 Rxf3 18. Qxe4 Raf8 19. Rad1 Qe7 20. g5 Qf7
21. Re2 h6 22. h4 h5 23. b3 Kh8 24. Red2 Nb6 25. a4 a5 26. Qe5 Nd7 27. Qxa5
Rxe3 28. fxe3 Qf3+ 29. Kh2 Qg4 30. Qc7 Qxh4+ 31. Kg2 Rf5 32. Qh2 Rxg5+ 33. Kh1
Qe4+ 34. Rg2 Rxg2 35. Qxg2 Qxg2+ 36. Kxg2 g5 37. a5 Nf6 38. b4 Nd7 39. b5 Nb8
40. Rf1 Kg8 41. d5 cxb5 42. dxe6 Nc6 43. cxb5 1-0

[Event "Dimitrovgrad Chmp. 2012 open"]
[Site "Dimitrovgrad"]
[Date "2012.02.19"]
[Round "1"]
[White "Koblik, Ekaterina"]
[Black "Lazutin, Valerij"]
[Result "0-1"]
[WhiteElo "1485"]
[BlackElo "1971"]
[PlyCount "108"]

1. e4 c6 2. Nc3 d5 3. exd5 cxd5 4. d4 Nc6 5. Nf3 e6 6. Bb5 Bd7 7. Bxc6 Bxc6 8.
Bf4 Nf6 9. Qd3 Be7 10. Ne5 O-O 11. Nxc6 bxc6 12. O-O-O Qa5 13. a3 Rac8 14. Ne2
c5 15. dxc5 Qxc5 16. Be3 Qc4 17. Qxc4 Rxc4 18. Rd4 Rc6 19. Bg5 Rfc8 20. c3 Kf8
21. Ra4 e5 22. Rxa7 Bc5 23. Ra5 Ne4 24. Be3 d4 25. f3 Nxc3 26. bxc3 dxe3 27.
Rd1 Ke7 28. Rd5 Ke6 29. Rd3 f5 30. g3 g5 31. h4 gxh4 32. gxh4 f4 33. Kc2 Rg8
34. Ra4 Rg2 35. Kd1 Rf2 36. Re4 Rf1+ 37. Kc2 Rxf3 38. Nd4+ Bxd4 39. Rdxd4 Kf5
40. Rb4 Rf2+ 41. Kd1 Rxc3 42. Ra4 Rxa3 43. Rxf4+ exf4 44. Rxa3 Kg4 45. Ra7 h5
46. Rg7+ Kxh4 47. Rg1 f3 48. Ke1 Rg2 49. Rf1 Kg3 50. Rh1 h4 51. Rf1 h3 52. Rh1
h2 53. Rf1 Rg1 54. Rxg1+ hxg1=Q# 0-1

[Event "Dimitrovgrad Chmp. 2012 open"]
[Site "Dimitrovgrad"]
[Date "2012.02.19"]
[Round "1"]
[White "Akimov, Gennadiy"]
[Black "Podbornova, Klavdiya"]
[Result "1-0"]
[WhiteElo "1943"]
[BlackElo "1469"]
[PlyCount "51"]

1. e4 e5 2. Nf3 Nc6 3. Bc4 Nf6 4. O-O Bc5 5. c3 d6 6. d4 exd4 7. cxd4 Bb6 8.
Bg5 O-O 9. Nc3 Bg4 10. Ne2 Bxf3 11. gxf3 h6 12. Bh4 g5 13. Bg3 Nh5 14. Kh1 Qf6
15. Qd3 Nxd4 16. Nxd4 Bxd4 17. Rg1 Nxg3+ 18. Rxg3 Bxf2 19. Rg2 Bd4 20. h4 Bxb2
21. Rag1 Be5 22. hxg5 hxg5 23. Rxg5+ Kh7 24. Rh5+ Qh6 25. Rxh6+ Kxh6 26. f4 1-0

[Event "Dimitrovgrad Chmp. 2012 open"]
[Site "Dimitrovgrad"]
[Date "2012.02.20"]
[Round "2"]
[White "Plychek, Viktor"]
[Black "Ulanov, Alexandr"]
[Result "0-1"]
[WhiteElo "1838"]
[BlackElo "2337"]
[PlyCount "78"]

1. c4 Nf6 2. Nc3 g6 3. g3 Bg7 4. Bg2 O-O 5. e4 d6 6. d3 Nc6 7. Nge2 Bd7 8. O-O
Qc8 9. Bd2 Bh3 10. Qc1 Re8 11. a3 Ne5 12. Qc2 c5 13. b4 h5 14. Nf4 Bxg2 15.
Kxg2 h4 16. Rad1 Nc6 17. b5 Nd4 18. Qb2 e5 19. Nfe2 h3+ 20. Kh1 Nf3 21. Ng1 Qg4
22. Nce2 Nd7 23. Qc1 Nf8 24. Bh6 Re6 25. Bxg7 Kxg7 26. Qe3 Rf6 27. Nxf3 Rxf3
28. Qd2 Ne6 29. Ng1 a6 30. a4 axb5 31. axb5 Ra3 32. Qb2 Rfxd3 33. Rxd3 Qxe4+
34. f3 Qxd3 35. Qe2 Qxe2 36. Nxe2 Nd4 37. Ng1 Rc3 38. Nxh3 Rxc4 39. Ng5 Nxb5
0-1

[Event "Dimitrovgrad Chmp. 2012 open"]
[Site "Dimitrovgrad"]
[Date "2012.02.20"]
[Round "2"]
[White "Yakimkin, Igor"]
[Black "Akimov, Gennadiy"]
[Result "1-0"]
[WhiteElo "2208"]
[BlackElo "1943"]
[PlyCount "98"]

1. e4 e5 2. Nf3 Nc6 3. Bb5 a6 4. Ba4 Nf6 5. O-O d6 6. Re1 Bg4 7. c3 b5 8. Bc2
Be7 9. d3 O-O 10. h3 Bh5 11. Nbd2 h6 12. Nf1 d5 13. Qe2 d4 14. Ng3 Bg6 15. Nh4
dxc3 16. bxc3 b4 17. Bb2 bxc3 18. Bxc3 Bc5 19. Bb3 Kh7 20. Rac1 Ba3 21. Rc2 Re8
22. Ba4 Re6 23. Nxg6 fxg6 24. Bxc6 Rxc6 25. Bxe5 Rxc2 26. Qxc2 Bd6 27. Bxd6
cxd6 28. d4 h5 29. e5 Qa5 30. Qe2 dxe5 31. dxe5 Re8 32. f4 h4 33. Nf1 Nh5 34.
f5 Qb6+ 35. Kh2 Nf4 36. Qf3 g5 37. Re4 Qb8 38. Qe3 Qb2 39. Qd2 Qb1 40. Qe1 Qxa2
41. Ne3 Qb2 42. e6 Qb7 43. Ng4 Qc7 44. Kh1 Qc2 45. Rxf4 gxf4 46. Qxh4+ Kg8 47.
Qh5 Re7 48. Qg5 f3 49. gxf3 Rb7 1-0

[Event "Dimitrovgrad Chmp. 2012 open"]
[Site "Dimitrovgrad"]
[Date "2012.02.20"]
[Round "2"]
[White "Abramov, Pavel"]
[Black "Skulkin, Nikolay"]
[Result "1-0"]
[WhiteElo "2095"]
[BlackElo "1814"]
[PlyCount "49"]

1. c4 c6 2. Nf3 d5 3. e3 Nf6 4. Qc2 dxc4 5. Bxc4 Qa5 6. Nc3 Bg4 7. Qb3 b5 8.
Bxf7+ Kd8 9. Ne5 Qc7 10. d4 a5 11. Bd2 a4 12. Qc2 e6 13. Rc1 Bd6 14. Nxg4 Qxf7
15. Nxf6 gxf6 16. Nxb5 Qd7 17. Nxd6 Qxd6 18. O-O h5 19. Qg6 Nd7 20. Rc4 e5 21.
Rfc1 c5 22. Qg7 Rf8 23. dxc5 Qc6 24. e4 Kc7 25. Qe7 1-0

[Event "Dimitrovgrad Chmp. 2012 open"]
[Site "Dimitrovgrad"]
[Date "2012.02.20"]
[Round "2"]
[White "Alyev, Timur"]
[Black "Beldyugin, Alexey"]
[Result "0-1"]
[WhiteElo "1667"]
[BlackElo "2050"]
[PlyCount "56"]

1. e4 e6 2. c3 d5 3. exd5 Qxd5 4. d4 c5 5. Be3 cxd4 6. Bxd4 e5 7. Qe2 Nc6 8.
Nf3 Bg4 9. Nbd2 O-O-O 10. c4 Qa5 11. Bc3 Bb4 12. Qe3 Nh6 13. Be2 Nd4 14. Rc1 f5
15. Bxd4 exd4 16. Qd3 Rhe8 17. Rc2 f4 18. Rc1 Bf5 19. Qb3 d3 20. O-O dxe2 21.
Rfe1 Rxd2 22. a3 Bc5 23. Nxd2 Qxd2 24. Ra1 Ng4 25. Qb5 Re5 26. Kh1 Nxf2+ 27.
Kg1 Nd3+ 28. Kh1 Nxe1 0-1

[Event "Dimitrovgrad Chmp. 2012 open"]
[Site "Dimitrovgrad"]
[Date "2012.02.20"]
[Round "2"]
[White "Rusakov, Vladimir"]
[Black "Hafijtullin, Gazimbek"]
[Result "1-0"]
[WhiteElo "2020"]
[BlackElo "1778"]
[PlyCount "55"]

1. d4 d5 2. Nf3 Nf6 3. Bg5 Ne4 4. Bh4 Bf5 5. e3 f6 6. Bd3 Qd6 7. c3 Qb6 8. Qc2
e6 9. b4 Nd7 10. O-O a5 11. b5 g5 12. Bg3 a4 13. c4 c5 14. Nc3 Nxg3 15. hxg3
Bxd3 16. Qxd3 dxc4 17. Qxc4 cxd4 18. Nxa4 Rxa4 19. Qxa4 dxe3 20. Qa8+ Kf7 21.
fxe3 Kg7 22. Qe8 Qxe3+ 23. Kh2 Nc5 24. Rae1 Qd3 25. Nxg5 Qg6 26. Nxe6+ Nxe6 27.
Qxe6 Bb4 28. Re4 1-0

[Event "Dimitrovgrad Chmp. 2012 open"]
[Site "Dimitrovgrad"]
[Date "2012.02.20"]
[Round "2"]
[White "Ishpulaev, Ivan"]
[Black "Ulanov, Sergei"]
[Result "0-1"]
[WhiteElo "1498"]
[BlackElo "2132"]
[PlyCount "46"]

1. e4 c5 2. f4 d5 3. exd5 Qxd5 4. Nc3 Qd8 5. Nf3 Nf6 6. Bc4 Nc6 7. O-O Bg4 8.
d3 e6 9. b3 a6 10. a4 Nd4 11. Be3 Bxf3 12. Rxf3 Nxf3+ 13. Qxf3 Qc7 14. Re1 Be7
15. Qg3 O-O 16. d4 Rad8 17. Rd1 cxd4 18. Bxd4 Rxd4 19. Rxd4 Bc5 20. Qd3 Qxf4
21. Ne2 Bxd4+ 22. Nxd4 Ng4 23. g3 Qf2+ 0-1

[Event "Dimitrovgrad Chmp. 2012 open"]
[Site "Dimitrovgrad"]
[Date "2012.02.20"]
[Round "2"]
[White "Lebedev, Viktor"]
[Black "Koblik, Ekaterina"]
[Result "1-0"]
[WhiteElo "1722"]
[BlackElo "1485"]
[PlyCount "112"]

1. d4 d5 2. Nf3 Nc6 3. a3 a5 4. h3 Bf5 5. e3 Nf6 6. c4 e6 7. Nc3 g6 8. Nh4 Ne7
9. Nxf5 Nxf5 10. cxd5 exd5 11. Bd3 Qd7 12. O-O Bg7 13. Qc2 Nh4 14. f4 Nh5 15.
Qf2 Nf5 16. g4 Nxf4 17. Qxf4 Nh4 18. Qg5 Qd8 19. Qxd5 Qxd5 20. Nxd5 Rc8 21. Bd2
b6 22. Be1 g5 23. Bxh4 gxh4 24. Nf6+ Bxf6 25. Rxf6 h5 26. Raf1 hxg4 27. hxg4
Rg8 28. Bf5 Rd8 29. Rh6 Rd5 30. Rf2 c5 31. dxc5 bxc5 32. Kh2 Re5 33. e4 Ke7 34.
Ra6 c4 35. Ra7+ Kf8 36. Ra8+ Kg7 37. Rxg8+ Kxg8 38. Kh3 f6 39. Rc2 Kf7 40. Rxc4
Rb5 41. Rc2 Rb3+ 42. Kxh4 Rb7 43. g5 fxg5+ 44. Kxg5 Ke7 45. Rh2 Kd6 46. Kf4 Rb5
47. Rd2+ Ke7 48. e5 Rb3 49. Be4 Rb8 50. Bd5 Rd8 51. b3 Rb8 52. Bc4 Rf8+ 53. Ke4
Rh8 54. Rc2 Rh3 55. a4 Rh4+ 56. Kd5 Rh6 1-0

[Event "Dimitrovgrad Chmp. 2012 open"]
[Site "Dimitrovgrad"]
[Date "2012.02.20"]
[Round "2"]
[White "Podbornova, Klavdiya"]
[Black "Abbasov, Orudj"]
[Result "0-1"]
[WhiteElo "1469"]
[BlackElo "1703"]
[PlyCount "36"]

1. e4 e5 2. Nf3 Nc6 3. Nc3 Bb4 4. Bc4 Nf6 5. O-O d6 6. d3 h6 7. Bd2 Bg4 8. h3
Bh5 9. a3 Ba5 10. b4 Bb6 11. a4 a5 12. b5 Nd4 13. Nd5 Nxd5 14. Bxd5 Qf6 15. Be3
Nxf3+ 16. gxf3 Bxf3 17. Qd2 Qg6+ 18. Kh2 Qg2# 0-1

[Event "Dimitrovgrad Chmp. 2012 open"]
[Site "Dimitrovgrad"]
[Date "2012.02.21"]
[Round "3"]
[White "Ulanov, Alexandr"]
[Black "Rusakov, Vladimir"]
[Result "1-0"]
[WhiteElo "2337"]
[BlackElo "2020"]
[PlyCount "87"]

1. d4 d5 2. Nf3 Nf6 3. c4 e6 4. Nc3 Bb4 5. Bg5 h6 6. Bxf6 Qxf6 7. Qa4+ Nc6 8.
e3 Bd7 9. Qb3 O-O 10. a3 dxc4 11. Bxc4 Bxc3+ 12. Qxc3 Rfe8 13. Be2 Rac8 14. Rd1
Qf5 15. O-O f6 16. d5 Nd8 17. dxe6 Bxe6 18. Nd4 Qg6 19. Bd3 f5 20. Nxe6 Nxe6
21. Qe5 Ng5 22. Qd5+ Qf7 23. Bxf5 Qxd5 24. Rxd5 Rcd8 25. Rfd1 Nf7 26. h4 Rxd5
27. Rxd5 Re5 28. Rxe5 Nxe5 29. f4 Nc6 30. Be4 Nd8 31. Bd5+ Kf8 32. e4 c6 33.
Bb3 Ke7 34. Kf2 b5 35. Ke3 c5 36. Bd5 Kd6 37. h5 a5 38. b3 Nc6 39. Bxc6 Kxc6
40. Kd3 Kd6 41. a4 c4+ 42. bxc4 bxa4 43. e5+ Kc5 44. Kc2 1-0

[Event "Dimitrovgrad Chmp. 2012 open"]
[Site "Dimitrovgrad"]
[Date "2012.02.21"]
[Round "3"]
[White "Beldyugin, Alexey"]
[Black "Yakimkin, Igor"]
[Result "1/2-1/2"]
[WhiteElo "2050"]
[BlackElo "2208"]
[PlyCount "53"]

1. d4 Nf6 2. Nf3 g6 3. c4 Bg7 4. e3 O-O 5. b3 c5 6. Bb2 cxd4 7. Nxd4 d6 8. Be2
Nc6 9. O-O Bd7 10. Bf3 Rc8 11. Na3 a6 12. Qd2 Qc7 13. Rfd1 Rfd8 14. Nxc6 Bxc6
15. Bxc6 Qxc6 16. Rac1 Rd7 17. Qa5 Qc7 18. Qxc7 Rdxc7 19. Kf1 Nd7 20. Bxg7 Kxg7
21. Rd2 Rc5 22. Rcd1 b5 23. Rd5 bxc4 24. Nxc4 Nf6 25. Rxc5 Rxc5 26. f3 d5 27.
Nb6 1/2-1/2

[Event "Dimitrovgrad Chmp. 2012 open"]
[Site "Dimitrovgrad"]
[Date "2012.02.21"]
[Round "3"]
[White "Abramov, Sergey"]
[Black "Abramov, Pavel"]
[Result "1/2-1/2"]
[WhiteElo "2012"]
[BlackElo "2095"]
[PlyCount "55"]

1. e4 c5 2. c3 Nf6 3. e5 Nd5 4. Bc4 e6 5. d4 d6 6. Nf3 Nc6 7. O-O dxe5 8. dxe5
Be7 9. Nbd2 b6 10. Re1 Bb7 11. Qc2 Qc7 12. Bb5 g5 13. Ne4 h6 14. h3 O-O-O 15.
a3 Nxe5 16. Nxe5 Qxe5 17. Bd2 Qc7 18. Be2 Nf4 19. c4 Rxd2 20. Nxd2 Nxg2 21.
Red1 Nf4 22. Bf3 Nxh3+ 23. Kg2 Bxf3+ 24. Nxf3 g4 25. Qe4 Kb8 26. Ne5 Bd6 27.
Nc6+ Kc8 28. Nxa7+ 1/2-1/2

[Event "Dimitrovgrad Chmp. 2012 open"]
[Site "Dimitrovgrad"]
[Date "2012.02.21"]
[Round "3"]
[White "Ulanov, Sergei"]
[Black "Bezvitelnov, Dmitriy"]
[Result "1-0"]
[WhiteElo "2132"]
[BlackElo "1780"]
[PlyCount "123"]

1. d4 Nf6 2. Nf3 g6 3. Nbd2 Bg7 4. e4 d6 5. Bd3 O-O 6. O-O Nbd7 7. e5 dxe5 8.
dxe5 Ng4 9. e6 fxe6 10. Ng5 Nde5 11. Be4 Nf6 12. Qe2 Nxe4 13. Qxe4 h6 14. Nh3
Qd5 15. Qe2 Nc6 16. f3 e5 17. Nf2 Nd4 18. Qd3 Bf5 19. Nde4 Rad8 20. c3 Nc6 21.
Qe2 Bxe4 22. Nxe4 b6 23. Be3 Qd3 24. Qf2 Na5 25. b3 Nb7 26. Qe1 Qb5 27. c4 Qc6
28. c5 b5 29. a4 a6 30. axb5 Qxb5 31. b4 Rd3 32. Bd2 Rfd8 33. Bc3 Qc6 34. Qb1
Qb5 35. Qa2+ Kh7 36. Qxa6 Qxa6 37. Rxa6 Rd1 38. Ra7 Rxf1+ 39. Kxf1 Rb8 40. Ke2
Kg8 41. Kd3 Kf7 42. Kc4 c6 43. Ra6 Nd8 44. Rb6 Ra8 45. b5 Rc8 46. Ra6 cxb5+ 47.
Kxb5 Ne6 48. Ba5 Nd4+ 49. Kb6 Rc6+ 50. Kb7 Rxa6 51. Kxa6 Ke6 52. Kb7 Kd7 53.
Bc3 Nc6 54. Nd2 Nd8+ 55. Kb6 Kc8 56. Nc4 Nf7 57. f4 Bf6 58. fxe5 Bg5 59. Kc6
Nd8+ 60. Kd5 Bc1 61. e6 Kc7 62. Ba5+ 1-0

[Event "Dimitrovgrad Chmp. 2012 open"]
[Site "Dimitrovgrad"]
[Date "2012.02.21"]
[Round "3"]
[White "Akimov, Gennadiy"]
[Black "Abbasov, Orudj"]
[Result "1/2-1/2"]
[WhiteElo "1943"]
[BlackElo "1703"]
[PlyCount "76"]

1. e4 c5 2. Nf3 d6 3. d4 cxd4 4. Nxd4 Nf6 5. Bd3 g6 6. O-O Bg7 7. Nc3 O-O 8. h3
Nc6 9. Be3 Bd7 10. Qd2 a6 11. Kh1 Rc8 12. a3 Ne5 13. Nce2 d5 14. exd5 Nxd5 15.
c3 Nxe3 16. Qxe3 Nxd3 17. Qxd3 Bb5 18. Qf3 Bxd4 19. cxd4 Rc2 20. Rfe1 Rxe2 21.
Rxe2 Bxe2 22. Qxe2 Qxd4 23. Rd1 Qf6 24. Rd7 Rc8 25. Rxe7 Rc1+ 26. Kh2 b5 27.
Re3 Qd6+ 28. g3 Rd1 29. Qf3 Qd5 30. Re8+ Kg7 31. Qc3+ Qd4 32. Qf3 Rd2 33. Kg2
Rxb2 34. h4 Rd2 35. Re7 Qd5 36. Rxf7+ Qxf7 37. Qc3+ Qf6 38. Qxd2 Qc6+ 1/2-1/2

[Event "Dimitrovgrad Chmp. 2012 open"]
[Site "Dimitrovgrad"]
[Date "2012.02.21"]
[Round "3"]
[White "Skulkin, Nikolay"]
[Black "Alyev, Timur"]
[Result "0-1"]
[WhiteElo "1814"]
[BlackElo "1667"]
[PlyCount "132"]

1. e4 e5 2. Nc3 g6 3. Bc4 Bg7 4. d3 Ne7 5. f4 d5 6. Bb3 exf4 7. Bxf4 dxe4 8.
Nxe4 Bxb2 9. Rb1 Bg7 10. Nf3 Nd5 11. Bd2 Bf5 12. Qe2 O-O 13. O-O Nc6 14. Bg5 f6
15. Bd2 Kh8 16. Qf2 Bxe4 17. dxe4 Nde7 18. Rbd1 f5 19. Bc3 Bxc3 20. Rxd8 Raxd8
21. e5 Nxe5 22. Qh4 Nxf3+ 23. gxf3 Bf6 24. Qf4 c5 25. h4 b5 26. Be6 Rd4 27. Qh6
Bg7 28. Qg5 Rf6 29. Re1 h6 30. Qg3 f4 31. Qh3 Rd6 32. Bd7 Nf5 33. Re8+ Kh7 34.
Bxf5 Rxf5 35. Re7 Ra6 36. h5 Rd6 37. hxg6+ Rxg6+ 38. Kf2 Rfg5 39. Qh2 Rg3 40.
Rxa7 Rd6 41. Ke2 Re6+ 42. Kf2 Kg6 43. Rd7 Bd4+ 44. Rxd4 cxd4 45. Qh4 Re3 46.
Qd8 Rgxf3+ 47. Kg2 Rg3+ 48. Kf2 Rc3 49. Qe8+ Kg5 50. Qxb5+ Kh4 51. Qf5 Rcf3+
52. Ke2 Rg5 53. Qf6 Kg4 54. Qxh6 Re5+ 55. Kd2 Rf2+ 56. Kd3 Re3+ 57. Kxd4 Rd2+
58. Kc4 Rxc2+ 59. Kd4 Rcc3 60. Qg6+ Kf3 61. a4 Red3+ 62. Qxd3+ Rxd3+ 63. Kxd3
Kg2 64. a5 f3 65. a6 f2 66. a7 f1=Q+ 0-1

[Event "Dimitrovgrad Chmp. 2012 open"]
[Site "Dimitrovgrad"]
[Date "2012.02.21"]
[Round "3"]
[White "Hafijtullin, Gazimbek"]
[Black "Gilmatdinov, Rashit"]
[Result "1-0"]
[WhiteElo "1778"]
[BlackElo "1594"]
[PlyCount "77"]

1. e4 c5 2. c4 Nf6 3. Nc3 e6 4. Qa4 a6 5. d3 Nc6 6. Bg5 Be7 7. Nge2 Qc7 8. f4
h6 9. Bh4 Ng8 10. Bg3 Nb4 11. Rd1 Qd8 12. a3 Nc6 13. Bf2 d6 14. g3 Bd7 15. Qc2
g5 16. Bg2 gxf4 17. Nxf4 Nf6 18. O-O Ng4 19. h3 Nxf2 20. Qxf2 Bf6 21. Nfe2 Bd4
22. Nxd4 Qe7 23. Nxc6 Bxc6 24. Qf6 Qxf6 25. Rxf6 Ke7 26. Rdf1 Raf8 27. Na2 Rh7
28. e5 d5 29. cxd5 exd5 30. Nc3 Rd8 31. h4 Rg7 32. Kh2 h5 33. Bh3 Rdg8 34. R1f3
d4 35. Ne4 Bd5 36. Rf2 Bxe4 37. dxe4 Rxg3 38. Rxf7+ Ke8 39. Rxb7 1-0

[Event "Dimitrovgrad Chmp. 2012 open"]
[Site "Dimitrovgrad"]
[Date "2012.02.21"]
[Round "3"]
[White "Ishpulaeva, Veronika"]
[Black "Ishpulaev, Ivan"]
[Result "1-0"]
[WhiteElo "1632"]
[BlackElo "1498"]
[PlyCount "28"]

1. e4 c5 2. Bc4 e6 3. d3 g6 4. Be3 Qc7 5. Nc3 Bg7 6. Nb5 Qa5+ 7. Bd2 Qb6 8. a4
a6 9. a5 Qc6 10. Nc3 Ne7 11. Nge2 d5 12. Bb3 c4 13. Ba4 O-O 14. Bxc6 bxc6 1-0

[Event "Dimitrovgrad Chmp. 2012 open"]
[Site "Dimitrovgrad"]
[Date "2012.02.21"]
[Round "3"]
[White "Koblik, Ekaterina"]
[Black "Podbornova, Klavdiya"]
[Result "1-0"]
[WhiteElo "1485"]
[BlackElo "1469"]
[PlyCount "67"]

1. e4 e5 2. Bc4 Nc6 3. Nf3 Nf6 4. Nc3 Nxe4 5. Nxe4 d5 6. Bb5 dxe4 7. Nxe5 Qd5
8. Nxc6 Qxb5 9. Nd4 Qd5 10. c3 Bc5 11. Qb3 Qxb3 12. Nxb3 Bd6 13. O-O O-O 14.
Rd1 Bg4 15. Re1 f5 16. h3 Bh5 17. g4 Bg6 18. g5 c5 19. Na5 b6 20. Nc4 Bf4 21.
d4 Bxc1 22. Raxc1 cxd4 23. cxd4 Rad8 24. Rcd1 Bh5 25. Rd2 Bf3 26. Ne5 Bh5 27.
Nc6 Rd7 28. d5 Rc8 29. Rc1 Re8 30. d6 Re6 31. Ne7+ Kf7 32. Nxf5 Kg6 33. Rc7
Rexd6 34. Rxd6+ 1-0

[Event "Dimitrovgrad Chmp. 2012 open"]
[Site "Dimitrovgrad"]
[Date "2012.02.22"]
[Round "4"]
[White "Lazutin, Valerij"]
[Black "Ulanov, Alexandr"]
[Result "0-1"]
[WhiteElo "1971"]
[BlackElo "2337"]
[PlyCount "56"]

1. c4 Nf6 2. Nc3 g6 3. g3 Bg7 4. Bg2 O-O 5. d4 Nc6 6. Nf3 d5 7. cxd5 Nxd5 8. e4
Nb6 9. Be3 Bg4 10. e5 Qd7 11. h3 Bxf3 12. Bxf3 Rad8 13. Bg4 Qe8 14. f4 Nxd4 15.
O-O c5 16. Bf3 Nc4 17. Bxd4 cxd4 18. Nd5 e6 19. b3 exd5 20. bxc4 dxc4 21. Bxb7
Qd7 22. Qf3 d3 23. Bc6 Qd4+ 24. Kg2 c3 25. Be4 c2 26. a4 Qb2 27. Rac1 Qxc1 28.
Rxc1 d2 0-1

[Event "Dimitrovgrad Chmp. 2012 open"]
[Site "Dimitrovgrad"]
[Date "2012.02.22"]
[Round "4"]
[White "Yakimkin, Igor"]
[Black "Abramov, Sergey"]
[Result "1-0"]
[WhiteElo "2208"]
[BlackElo "2012"]
[PlyCount "87"]

1. d4 Nf6 2. c4 e6 3. Nf3 d5 4. Nc3 c6 5. e3 Bd6 6. Qc2 Nbd7 7. Bd3 dxc4 8.
Bxc4 O-O 9. O-O e5 10. Rd1 Qe7 11. h3 Re8 12. Bf1 e4 13. Nd2 Nb6 14. a3 g5 15.
f3 exf3 16. Nxf3 g4 17. hxg4 Bxg4 18. Qf2 Ne4 19. Nxe4 Qxe4 20. Bd3 Qe7 21. e4
f6 22. Bd2 c5 23. Be3 c4 24. Bc2 Kh8 25. Rf1 Bxf3 26. Qxf3 Nd7 27. Bf4 Bxf4 28.
Qxf4 Rg8 29. Rf2 Rg5 30. Re1 Rag8 31. Bd1 b5 32. Bf3 a5 33. Qd2 a4 34. Qc3 Re8
35. Rfe2 Kg8 36. Qd2 Qg7 37. Qf4 Re7 38. Rf2 Re8 39. Qd6 Kh8 40. e5 fxe5 41.
Bc6 Rg8 42. Qxd7 exd4 43. Re7 Qh6 44. Qxd4+ 1-0

[Event "Dimitrovgrad Chmp. 2012 open"]
[Site "Dimitrovgrad"]
[Date "2012.02.22"]
[Round "4"]
[White "Abramov, Pavel"]
[Black "Beldyugin, Alexey"]
[Result "1-0"]
[WhiteElo "2095"]
[BlackElo "2050"]
[PlyCount "61"]

1. Nf3 Nc6 2. d4 d5 3. Bf4 Bg4 4. e3 e5 5. dxe5 Bc5 6. Be2 Nge7 7. Nbd2 Ng6 8.
h3 Nxf4 9. exf4 Bxf3 10. Nxf3 O-O 11. Bb5 Ne7 12. O-O f6 13. g3 Nf5 14. Kg2
fxe5 15. Nxe5 Bxf2 16. Kxf2 c6 17. Bd3 Qb6+ 18. Ke1 Nxg3 19. Qf3 Nxf1 20. Kxf1
Qd4 21. Kg2 Rxf4 22. Qe2 Raf8 23. Ng4 Kh8 24. Re1 Qxb2 25. Qe7 Qd4 26. Qh4 h6
27. Re7 Rf2+ 28. Qxf2 Rxf2+ 29. Nxf2 g5 30. Ng4 h5 31. Nh6 1-0

[Event "Dimitrovgrad Chmp. 2012 open"]
[Site "Dimitrovgrad"]
[Date "2012.02.22"]
[Round "4"]
[White "Lebedev, Viktor"]
[Black "Ulanov, Sergei"]
[Result "0-1"]
[WhiteElo "1722"]
[BlackElo "2132"]
[PlyCount "104"]

1. d4 Nf6 2. Nf3 g6 3. Bg5 Bg7 4. e3 h6 5. Bh4 g5 6. Bg3 Ne4 7. Be5 f6 8. Bg3
h5 9. h3 Nxg3 10. fxg3 d5 11. Bd3 Qd6 12. O-O Qxg3 13. Qe1 Qxe1 14. Rxe1 g4 15.
Bg6+ Kd8 16. Nh4 gxh3 17. g3 Bg4 18. Nd2 Nc6 19. c3 e5 20. Bf5 Ne7 21. Bxg4
hxg4 22. Rad1 e4 23. c4 c6 24. cxd5 cxd5 25. Nb3 b6 26. Rc1 Bh6 27. Rc3 Bg5 28.
Rf1 Bxh4 29. gxh4 f5 30. Kh2 Rxh4 31. Nc1 Rc8 32. Rxc8+ Kxc8 33. Ne2 Rh6 34.
Ng3 Rf6 35. Nh5 Rc6 36. Rf2 Kd7 37. Nf4 Rc1 38. Re2 Kd6 39. Nh5 Kc6 40. Nf4 Kb5
41. Ne6 Kc4 42. Nf4 a5 43. Kg3 a4 44. Kh2 a3 45. bxa3 Kc3 46. Rf2 Rc2 47. Ne2+
Kc4 48. Kg3 Ng6 49. Kh2 Kd3 50. Nf4+ Nxf4 51. Rxc2 Kxc2 52. exf4 e3 0-1